000 00598nam a22002417a 4500
003 UA-OsUOA
001 22450
007 ta
008 20031220b un ||||| |||| 00| 0 ukr d
090 _a130.2
_bО-72
942 _cBK
040 _aUA-OsUOA
_brus
_cUA-OsUOA
_dUA-OsUOA
245 _aОсвобождение духа
_cРед. А.А.Гусейнова В.И.Толстых
300 _a352 с.
955 _a0
041 _arus
080 _a130.2
020 _a5-250-00740-6
260 _aМосква
_bПолитздат
_c1991
044 _aRU
650 7 _2UDC
999 _c308670
_d308670